[Event "Club Championships"]
[Site "Wellington Chess Club"]
[Date "2013.09.26"]
[Round "9"]
[White "Whittle, Jonathon"]
[Black "List, Robert"]
[Result "*"]
[WhiteElo "1736"]
[BlackElo "1702"]

1. Nf3 Nf6 2. c4 c5 3. g3 g6 4. Bg2 Bg7 5. Nc3 Nc6 6. d4 cxd4 7. Nxd4 d6 8.
Nxc6 Qb6 9. Nxe7 Kxe7 10. Qc2 Be6 11. b3 h5 12. Bg5 Kf8 13. Rd1 Bf5 14. Qd2 Rd8
{#Diagram White has already been kicking butt to reach this stupendously
superior position} 15. Bxf6 $1 {A winning combo} 15... Bxf6 16. Nd5 Qc6 {A
desperate pin} 17. O-O $4 {White is still winning after this, but really}  (17.
e4 $1 {Is just asking to be played} ) 17... Be5 18. Qg5 Qd7 19. Nf6 Qe6 20. Nd5
Kg7 21. Ne7 $2 Bg4 $1 22. Bd5 $2 Qf6 {Black is now unexpectedly on top} 23. f4
Bxe2 24. Qxf6+ Bxf6 {#Diagram White's formerly beautiful position is now
en-prise} 25. f5 Bxd1 26. Rxd1 Bxe7 27. fxg6 Kxg6 28. Bxb7 a5 29. Bd5 Bf6 30.
Be4+ Kg7 31. Rd5 Rhe8 32. Bf3 Re5 0-1

[Event "Club Championships"]
[Site "Wellington Chess Club"]
[Date "2013.09.26"]
[Round "9"]
[White "Wight, Joshua"]
[Black "Aumeier, Beate"]
[Result "0-1"]
[WhiteElo "1231"]
[BlackElo "992"]

1. e4 e5 2. Nf3 Nc6 3. Bc4 Bc5 4. O-O b6 {One problem with idea is that the
Bc5 could well need the b6 square} 5. d3 h6 6. Bb5 Bb7 7. Bxc6 Bxc6 8. Nxe5 Bb7
9. Nc3 Qe7 10. Nf3 Nf6 11. Nb5 d6 12. Re1 O-O 13. e5 Ng4 {#Diagram} 14. exd6 $4
{Losing}  (14. d4 {is obvious, essential and in fact winning because the bishop
gets trapped} ) 14... Bxf2+ 15. Kh1 Qd7 16. Nc3 Bxe1 17. Qxe1 Bxf3 18. gxf3 Qc6
19. Ne4 f5 20. fxg4 fxe4 21. Kg1 Qxd6 22. Qg3 Rf3 23. Qg2 Raf8 24. Bd2 Qc5+ 25.
Kh1 e3 26. Bc3 Rf2 27. Qg1 Qd5+ 28. Qg2 Qxg2# {A nice win for Beate, but a
rather sad end to a potential picket fence for Josh} 0-1

[Event "Club Championships"]
[Site "Wellington Chess Club"]
[Date "2013.10.03"]
[Round "4"]
[White "Brockway, Andrew"]
[Black "Cunningham, Patrick"]
[Result "1-0"]
[WhiteElo "1770"]
[BlackElo "1590"]

1. e4 e5 2. Nf3 Nc6 3. Bb5 a6 4. Bxc6 dxc6 5. O-O f6 6. d4 Bd6 7. dxe5 fxe5 8.
Bg5 Nf6 9. Nbd2 Bg4 10. Nc4 O-O 11. Ncxe5 Bh5 12. Nd3 Qe8 13. e5 Bxe5 14. Ndxe5
Rd8 15. Nd3 Qg6 16. Bh4 Ne4 17. Bg3 Ng5 18. Qc1 Nxf3+ 19. gxf3 Bxf3 20. Ne5 Qe4
21. Nxf3 Rxf3 22. Re1 Qg6 23. Re2 Rdf8 24. Qd2 h5 25. h4 R8f4 26. Qd8+ Kh7 27.
Qg5 Rxg3+ 28. fxg3 Rg4 29. Qxg6+ Kxg6 30. Kg2 Rb4 31. b3 Rd4 32. Rae1 Rd5 33.
Re6+ Kf5 34. Re7 g6 35. R1e2 Rd1 36. Rf2+ 1-0

[Event "Club Championships"]
[Site "Wellington Chess Club"]
[Date "2013.10.03"]
[Round "6"]
[White "Timergazi, Layla"]
[Black "Cook, John"]
[Result "*"]
[WhiteElo "1889"]
[BlackElo "1604"]

1. d4 d5 2. c4 c6 3. Nc3 Nf6 4. Bf4 Bg4 5. Qc2 e6 6. e3 Bb4 7. Bd3 Qa5 8. f3
Bh5 9. Ne2 O-O 10. O-O Nbd7 11. a3 Be7 12. b4 Qd8 13. c5 Bg6 14. e4 dxe4 15.
fxe4 Nh5 16. d5 Nxf4 17. Nxf4 Bf6 18. dxe6 fxe6 $2 19. Nxe6 Qb8 20. Nxf8 Nxf8
21. Bc4+ Kh8 22. Rad1 Qe5 23. Rd3 Be7 24. Rdf3 $2 Qd4+ 25. Qf2 Qxc4 26. Nd5 $1
( {Black was expecting} 26. Rxf8+ Bxf8 27. Qxf8+ Rxf8 28. Rxf8+ Qg8 29. Rxg8+
Kxg8) 26... Bf6 27. Rxf6 {Black resigns (Annotations by John Cook)} *

[Event "Club Championships"]
[Site "Wellington Chess Club"]
[Date "2013.10.03"]
[Round "7"]
[White "Wevita, Roshan"]
[Black "Heaton, Ken"]
[Result "0-1"]
[WhiteElo "1511"]
[BlackElo "1684"]

1. e4 d6 2. Nc3 Nf6 3. h3 g6 4. Bc4 Bg7 5. Nf3 O-O 6. d4 c6 7. Be3 Qa5 8. O-O
Nbd7 9. Re1 b5 10. Bb3 b4 11. Na4 Nxe4 12. Qd3 Ndf6 13. Nd2 Ba6 14. Nc4 Bxc4
15. Qxc4 Rac8 16. c3 d5 17. Qxb4 Qxb4 18. cxb4 Rb8 19. a3 a5 20. Rac1 Rfc8 21.
Nc3 axb4 22. Nxe4 Nxe4 23. a4 e5 24. dxe5 Bxe5 25. Rc2 Rc7 26. f4 Bd6 27. Kh2
Kg7 28. g3 Kf6 29. Bd4+ Ke7 30. Kg2 f5 31. Kf3 Ke6 32. g4 c5 33. Be5 c4 34.
Bxd6 Kxd6 35. Rec1 Rbc8 36. Bxc4 Rxc4 37. Rxc4 Nd2+ 38. Ke2 Nxc4 39. b3 Re8+
40. Kd1 Ne3+ 41. Kd2 fxg4 42. hxg4 Nxg4 43. Rg1 h5 44. Kd3 Re3+ 45. Kc2 Rc3+
46. Kb2 d4 47. Re1 Re3 48. Rd1 Kd5 49. Kc2 Rf3 50. Rd3 Rxf4 51. a5 Ne3+ 0-1

[Event "Club Championships"]
[Site "Wellington Chess Club"]
[Date "2013.10.03"]
[Round "8"]
[White "Pomeroy, Arthur"]
[Black "Sellen, Ian"]
[Result "1-0"]
[WhiteElo "2113"]
[BlackElo "2072"]

1. e4 e6 2. d4 d5 3. Nc3 Nf6 4. Bg5 dxe4 5. Nxe4 Be7 6. Bxf6 Bxf6 7. Nf3 Bd7 8.
Nxf6+ Qxf6 9. Ne5 O-O 10. Qd2 Rd8 11. Bd3 Bc6 12. O-O g6 13. c3 a6 14. a4 Be8
15. Rfe1 Nd7 16. Ng4 Qg7 17. b4 Nf6 18. Ne5 Nd7 19. Qf4 Nxe5 20. Rxe5 Rd6 21.
a5 Rad8 22. Rae1 Bc6 23. h4 Bd5 24. h5 f6 25. R5e3 g5 26. Qh2 Rc6 27. h6 Qf7
28. Qg3 Kf8 29. Be4 Bxe4 30. Rxe4 Rdd6 31. R4e3 Qg6 32. f4 Qxh6 33. fxg5 Qxg5
34. Qh3 Qf5 $4 (34... h5 {is even} ) 35. Qh6+ Kf7 36. Rg3 e5 37. dxe5 $2 (
{missing} 37. Qg7+ Ke8 38. Qg8+ Kd7 39. Rg7# { I should have resigned, but I
thought since White missed this, he could miss anything!} ) 37... Rd7 38. Rg7+
Ke6 39. exf6+ Kd5 40. Rxd7+ Kc4 41. Qh4+ Kb3 42. Qd4 Rc4 43. Qd1+ 1-0

[Event "Club Championships"]
[Site "Wellington Chess Club"]
[Date "2013.10.03"]
[Round "9"]
[White "Cook, John"]
[Black "Kay, Bruce"]
[Result "1/2-1/2"]
[WhiteElo "1604"]
[BlackElo "1825"]

1. d4 Nf6 2. e3 d5 3. Bd3 c5 4. c3 Nc6 5. Nd2 Bg4 6. Ngf3 e5 7. dxe5 Nxe5 8.
Qa4+ Bd7 9. Bb5 Nc6 10. O-O Be7 11. e4 dxe4 12. Nxe4 O-O 13. Be3 a6 14. Be2 Nd4
15. Nxf6+ Bxf6 16. Qd1 Nxe2+ 17. Qxe2 Qc7 18. h3 Rfe8 19. Qc2 g6 20. Bg5 Bg7
21. Qd2 Bc6 22. Nh2 f6 23. Bh6 Rad8 24. Qc1 Qf7 25. Ng4 Bb5 26. Bxg7 Qxg7 27.
c4 Bd7 28. Ne3 Bc6 29. Ng4 1/2-1/2

[Event "Club Championships"]
[Site "Wellington Chess Club"]
[Date "2013.10.03"]
[Round "9"]
[White "Nijman, Brian"]
[Black "Aldridge, Alan"]
[Result "1-0"]
[WhiteElo "2186"]
[BlackElo "1990"]

1. g3 e5 2. Bg2 Nf6 3. d4 e4 4. Bg5 d5 5. c4 Bb4+ 6. Nc3 c6 7. e3 O-O 8. Ne2 h6
9. Bxf6 Qxf6 10. O-O Bg4 11. Qb3 Bxc3 12. Nxc3 dxc4 13. Qxb7 Nd7 14. Nxe4 Qe6
15. Nc5 Nxc5 16. dxc5 Rfc8 17. Rfc1 Rab8 18. Qa6 Rxb2 19. Qxc4 Qf6 20. Qf4 Qxf4
21. gxf4 Be6 22. a3 f5 23. Bf3 Bd5 24. Bxd5+ cxd5 25. c6 Kf7 26. Rc5 g6 27. Rd1
Ke6 28. Rdxd5 Rb6 29. Rd7 a6 30. Re5+ Kf6 31. Rd6+ Kf7 32. Ree6 1-0

[Event "Club Championships"]
[Site "Wellington Chess Club"]
[Date "2013.10.03"]
[Round "9"]
[White "Van der Hoorn, Mark"]
[Black "Stone, Andrew"]
[Result "1-0"]
[WhiteElo "2230"]
[BlackElo "2076"]

1. e4 c5 2. Nc3 d6 3. f4 Nc6 4. Nf3 g6 5. Bc4 Bg7 6. O-O e6 7. f5 exf5 8. d3
Nge7 9. Qe1 O-O 10. Qh4 d5 11. exd5 Nd4 12. Bg5 Re8 13. Rae1 Bf8 14. d6 Qxd6
15. Bxf7+ Kxf7 16. Qxh7+ Bg7 17. Ne5+ Kf8 18. Bxe7+ 1-0

[Event "Club Championships"]
[Site "Wellington Chess Club"]
[Date "2013.10.03"]
[Round "10"]
[White "Jackson, Ross"]
[Black "Tionko, Efrain"]
[Result "0-1"]
[WhiteElo "1990"]
[BlackElo "1844"]

1. d4 Nf6 2. c4 g6 3. f3 Bg7 4. e4 d6 5. Be3 O-O 6. Nc3 c5 7. d5 e6 8. Qd2 exd5
9. cxd5 Nbd7 10. Bh6 Nxe4 11. Nxe4 Qh4+ 12. g3 Qxh6 13. Qxh6 Bxh6 14. Nxd6 Nf6
15. Nxc8 Raxc8 16. Bc4 Rcd8 17. Rd1 Rfe8+ 18. Ne2 Be3 19. Kf1 a6 20. a4 Bh6 21.
Nc3 Rd6 22. Kg2 Kf8 23. Rhe1 Be3 24. Ne4 Nxe4 25. Rxe3 Nf6 26. Kf2 Rxe3 27.
Kxe3 Ke7 28. Kf4 h6 29. Ke5 Nd7+ 30. Kf4 Rf6+ 31. Ke4 Kd6 32. a5 Rf5 33. f4
Nf6+ 34. Kf3 g5 35. b3 h5 36. h4 gxf4 37. Bd3 Rxd5 38. Kxf4 Rd4+ 39. Kg5 Ne4+
40. Bxe4 Rxd1 41. Kxh5 Ra1 42. Bxb7 Rxa5 43. Kh6 Rb5 44. Bxa6 Rxb3 45. g4 Rb4
46. h5 0-1

[Event "Club Championships"]
[Site "Wellington Chess Club"]
[Date "2013.10.03"]
[Round "10"]
[White "Konakanchi, Karthik"]
[Black "Wight, Joshua"]
[Result "1-0"]
[WhiteElo "927"]
[BlackElo "1231"]

1. e4 e5 2. Nf3 Nc6 3. Nc3 Bc5 4. Bb5 d6 5. O-O Nf6 6. d3 O-O 7. Bg5 h6 8. Bh4
Bg4 9. h3 Bxf3 10. Qxf3 Nd4 11. Qg3 Bb4 12. Nd5 Ne2+ 13. Kh1 Nxg3+ 14. Bxg3
Nxd5 15. exd5 Bc5 16. a3 a6 17. Bc4 b5 18. Ba2 Rc8 19. b4 Ba7 20. c3 c6 21.
dxc6 Rxc6 22. Rac1 a5 23. Bd5 Rc8 24. Bb7 Rc7 25. Bd5 Bb6 26. c4 axb4 27. axb4
Qd7 28. Rfe1 Rfc8 29. Re4 Kh8 30. Bh2 Bxf2 31. Rf1 f5 32. Re2 Bd4 33. Rc2 f4
34. Re1 bxc4 35. dxc4 Qa4 36. Rcc1 Qxb4 37. Be6 Re8 38. Bd5 Rc5 39. Bf7 Rec8
40. Be6 R8c7 41. Bg1 Bxg1 42. Kxg1 Qb6 43. Kh1 Qb4 44. Re4 Qb2 45. Ree1 Ra7 46.
Bf5 d5 47. Rb1 Qd2 48. Rb8+ Rc8 49. Rxc8# 1-0

[Event "Club Championships"]
[Site "Wellington Chess Club"]
[Date "2013.10.03"]
[Round "10"]
[White "Pandey, Alok"]
[Black "Rossiter, Philip"]
[Result "0-1"]
[WhiteElo "1901"]
[BlackElo "1836"]

1. f4 c5 2. e4 g6 3. Nf3 Bg7 4. Nc3 e6 5. g3 Nc6 6. Bg2 Nge7 7. O-O O-O 8. d3
d6 9. Be3 Nd4 10. Qd2 Rb8 11. Qf2 Nxf3+ 12. Bxf3 b6 13. Rab1 Bb7 14. Ne2 d5 15.
c3 dxe4 16. dxe4 Qc7 17. g4 Rbd8 18. g5 f5 19. Ng3 fxe4 20. Bxe4 Bxe4 21. Nxe4
Nf5 22. Rbe1 Rd3 23. Bc1 Qe7 24. Qc2 Rd7 25. Qb3 Kh8 26. Nf2 Rd5 27. Ng4 Qd7
28. Rf2 Nh4 29. Re4 e5 30. Nxe5 Bxe5 31. Rxe5 Rd1+ {White lost on time} 0-1

[Event "Club Championships"]
[Site "Wellington Chess Club"]
[Date "2013.10.03"]
[Round "10"]
[White "Sknar, Andrew"]
[Black "List, Robert"]
[Result "0-1"]
[WhiteElo "1370"]
[BlackElo "1702"]

1. e4 d6 2. d4 Nf6 3. Nc3 g6 4. h3 Bg7 5. g4 O-O 6. g5 Nh5 7. Be2 Nc6 8. d5 Nd4
9. Be3 Nxe2 10. Ngxe2 e5 11. Qd3 f5 12. O-O-O f4 13. Bd2 Qxg5 14. Nb5 a6 15.
Nxc7 Rb8 16. Ne6 Bxe6 17. dxe6 Qe7 18. Nc3 Qxe6 19. Rdg1 Rbc8 20. Kb1 b5 21.
Rg4 Rc5 22. Rd1 Rfc8 23. Be1 R8c6 24. f3 Rc4 25. h4 Rd4 26. Qe2 Rxd1+ 27. Qxd1
Rc4 28. Rg2 Rd4 29. Rd2 Rxd2 30. Qxd2 Nf6 31. Nd5 Bh6 32. Nc7 Qd7 33. Nxa6 Kg7
34. Nb8 Qc7 35. Na6 Qb6 36. Nb4 Kh8 37. Bf2 Qd8 38. Qd3 Qd7 39. Nd5 Nxd5 40.
Qxd5 Bf8 41. b4 Kg7 42. Kb2 Be7 43. Be1 Kh6 44. a3 Kh5 45. c4 bxc4 46. b5 Qa7
47. Qxc4 Bxh4 48. Qf1 Bxe1 49. Qxe1 Qd4+ 50. Qc3 Qa7 51. Qc6 Qf2+ 52. Kb3 Qxf3+
53. Ka4 Qd1+ 54. Ka5 f3 0-1

[Event "Club Championships"]
[Site "Wellington Chess Club"]
[Date "2013.10.03"]
[Round "10"]
[White "Sknar, Andrew"]
[Black "Walters, Taina"]
[Result "0-1"]
[WhiteElo "958"]
[BlackElo "1119"]

1. e4 e5 2. Nf3 Nc6 3. Bc4 d6 4. d3 Be7 5. Be3 f5 6. Qd2 f4 7. Bxf4 exf4 8.
Bxg8 Rxg8 9. Qxf4 Rf8 10. Qg3 Bf6 11. Nbd2 Bxb2 12. Rb1 Bc3 13. O-O Ne5 14.
Nxe5 Bxe5 15. Qe3 Bf4 16. Qe2 Qg5 17. Rfd1 Bg4 18. f3 Be3+ 19. Kf1 O-O-O 20.
Nc4 Bxf3 21. gxf3 Qg1# 0-1

[Event "Club Championships"]
[Site "Wellington Chess Club"]
[Date "2013.10.03"]
[Round "10"]
[White "Stoeveken, Peter"]
[Black "Roberts, Michael"]
[Result "0-1"]
[WhiteElo "1910"]
[BlackElo "1781"]

1. d4 Nf6 2. Bg5 g6 3. Bxf6 exf6 4. e4 Bg7 5. Bc4 d6 6. c3 O-O 7. Nf3 Nc6 8.
O-O f5 9. Bd3 fxe4 10. Bxe4 d5 11. Bd3 Bd7 12. Qb3 Be8 13. Re1 Na5 14. Qc2 Nc6
15. Na3 a6 16. Re2 Bd7 17. Qb3 Bg4 18. Qxb7 Qd7 19. Qb3 Bxf3 20. gxf3 Bxd4 21.
cxd4 Nxd4 22. Qd1 Nxe2+ 23. Qxe2 Rfe8 24. Qf1 Qd6 25. Re1 Reb8 26. Re2 c5 27.
Rd2 Qf4 28. Qe1 c4 29. Bf1 Qg5+ 30. Bg2 Re8 31. Re2 Rxe2 32. Qxe2 Qc1+ 33. Bf1
Rb8 34. Qe5 Qxb2 35. Nxc4 dxc4 36. Bxc4 Qxe5 0-1

[Event "Club Championships"]
[Site "Wellington Chess Club"]
[Date "2013.10.03"]
[Round "10"]
[White "Timergazi, Layla"]
[Black "Miriyala, Rama Rao"]
[Result "1-0"]
[WhiteElo "1889"]
[BlackElo "1906"]

1. d4 Nf6 2. c4 e6 3. Nc3 d5 4. Bf4 Bb4 5. e3 O-O 6. Nf3 Ne4 7. Qc2 f5 8. Bd3
b6 9. O-O Bb7 10. cxd5 exd5 11. Nb5 Na6 12. Bxc7 Nxc7 13. Qxc7 Ba6 14. Rfd1 Qe8
15. Qe5 Bxb5 16. Qxd5+ Kh8 17. Bxb5 Qg6 18. Ne5 Qf6 1-0

[Event "Club Championships"]
[Site "Wellington Chess Club"]
[Date "2013.10.10"]
[Round "?"]
[White "Marney, John"]
[Black "Cunningham, Patrick"]
[Result "1-0"]
[WhiteElo "1600"]
[BlackElo "1590"]

1. e4 e5 2. Nf3 Nc6 3. d4 exd4 4. Bc4 Be7 5. c3 Nf6 6. e5 Ng8 7. cxd4 d5 8. Bb5
Bd7 9. Nc3 a6 10. Ba4 Bb4 11. O-O Bxc3 12. bxc3 Nge7 13. Ba3 b5 14. Bc2 Bf5 15.
Rb1 O-O 16. Bxf5 b4 17. Bxb4 Nxb4 18. cxb4 Nxf5 19. Qc2 Qd7 20. Rfc1 Rfc8 21.
Qc6 Qxc6 22. Rxc6 Ne7 23. Rc5 c6 24. Rbc1 h6 25. h4 Rab8 26. Ra5 Rxb4 27. Rxa6
Nf5 28. Raxc6 Rxc6 29. Rxc6 Nxd4 30. Nxd4 Rxd4 31. Rd6 Kf8 32. Kf1 Rd2 33. a4
Ke7 34. Ke1 Rd4 35. a5 Re4+ 36. Kd2 Rxe5 37. Rb6 Re4 38. g3 Ra4 39. a6 Kd7 40.
Kd3 Kc7 41. Rb7+ Kc6 42. Rxf7 Rxa6 43. Rxg7 Ra3+ 44. Kd4 Ra4+ 45. Ke5 Re4+ 46.
Kf5 Re2 47. f4 d4 48. Rg6+ Kc5 49. Rg8 Kc4 50. Rd8 Kd3 51. g4 Kc3 52. g5 hxg5
53. hxg5 d3 54. g6 d2 55. g7 Rg2 56. Kf6 Kc2 57. Kf7 d1=Q 58. Rxd1 Kxd1 59.
g8=Q 1-0

[Event "Club Championships"]
[Site "Wellington Chess Club"]
[Date "2013.10.10"]
[Round "1"]
[White "Pomeroy, Arthur"]
[Black "Van der Hoorn, Mark"]
[Result "1/2-1/2"]
[WhiteElo "2113"]
[BlackElo "2230"]

1. e4 e5 2. Nf3 Nc6 3. Bb5 a6 4. Ba4 Nf6 5. O-O Nxe4 6. d4 b5 7. Bb3 d5 8. dxe5
Be6 9. Be3 Be7 10. Nbd2 Qd7 11. c3 Rd8 12. Bc2 f5 13. exf6 Nxf6 14. Qb1 O-O 15.
Ng5 h6 16. Nxe6 Qxe6 17. Bf5 Qd6 18. Nf3 Ne5 19. Nxe5 1/2-1/2

[Event "Club Championships"]
[Site "Wellington Chess Club"]
[Date "2013.10.10"]
[Round "9"]
[White "Sknar, Andrew"]
[Black "Heaton, Ken"]
[Result "0-1"]
[WhiteElo "1370"]
[BlackElo "1684"]

1. e4 e5 2. Bc4 Nf6 3. Nc3 Nc6 4. Nf3 Be7 5. Ng5 d5 6. exd5 Nxd5 7. Bxd5 Bxg5
8. Qf3 Qf6 9. Nb5 Qxf3 10. gxf3 Bd8 11. c3 a6 12. Na3 Ne7 13. c4 Nxd5 14. cxd5
O-O 15. Nc4 b5 16. Nxe5 Re8 17. d4 f6 18. f4 fxe5 19. dxe5 Bb7 20. Rg1 Bxd5 21.
b4 c6 22. Bb2 Ra7 23. O-O-O Bxa2 24. Rd2 Bd5 25. f5 h6 26. f6 Re6 27. f4 Kh7
28. f5 Re8 29. Rd3 gxf6 30. exf6 Rf7 31. Rdg3 Bxf6 32. Bxf6 Rxf6 33. Rg7+ Kh8
34. R7g6 Rxg6 35. Rxg6 Kh7 36. h4 Rg8 37. Rd6 Rf8 38. f6 h5 39. Rd7+ Rf7 40.
Re7 Kg6 41. Kd2 Rxe7 42. fxe7 Kf7 43. e8=Q+ Kxe8 44. Ke3 Kf7 45. Kf4 Ke7 46.
Ke5 Kd7 47. Kf5 Kd6 48. Kg5 Bf3 49. Kf4 Bg4 50. Ke4 c5 51. bxc5+ Kxc5 52. Kd3
a5 53. Kc3 a4 54. Kb2 b4 55. Ka2 Be6+ 56. Kb2 Kc4 57. Kb1 Kc3 58. Ka1 b3 59.
Kb1 a3 60. Ka1 Kd2 61. Kb1 Bf5+ 0-1

[Event "Club Championships"]
[Site "Wellington Chess Club"]
[Date "2013.10.10"]
[Round "11"]
[White "Aumeier, Beate"]
[Black "Bennett, Ezra"]
[Result "1-0"]
[WhiteElo "992"]
[BlackElo "853"]

1. d4 d5 2. Nc3 Nf6 3. Bg5 Nbd7 4. Nf3 h6 5. Bxf6 Nxf6 6. e3 Bg4 7. h3 Bf5 8.
Bd3 Ne4 9. O-O e6 10. Ne5 Qf6 11. Nb5 Bd6 12. Nxd6+ Nxd6 13. Qe2 Bxd3 14. Qxd3
Ne4 15. Qb5+ c6 16. Qxb7 O-O 17. Nd7 Qe7 18. Qxc6 Rfc8 19. Qa4 Rc4 20. Qb5 Nd6
21. Nf6+ Qxf6 22. Qd7 a6 23. Qxd6 a5 24. c3 a4 25. Rfe1 Qf5 26. f3 Qc2 27. e4
Qxb2 28. exd5 Qxc3 29. dxe6 Qxd4+ 30. Qxd4 Rxd4 31. e7 Rad8 32. exd8=Q+ Rxd8
33. Rad1 Rb8 34. Rd4 Ra8 35. Red1 Kh7 36. Rd7 f6 37. Rd8 Ra5 38. a3 Kg6 39. g4
Rc5 40. R1d5 Rc3 41. Rd3 Rc1+ 42. Kg2 Rc2+ 43. Kg3 Rc7 44. Rd1 Rc6 45. h4 Kf7
46. R8d7+ Ke6 47. Rd8 f5 48. Re1+ Kf6 49. Rf8+ Kg6 50. gxf5+ Kh7 51. Re7 h5 52.
f6 Rxf6 53. Rxf6 Kg8 54. Re8+ Kh7 55. Ra6 g6 56. Rxa4 Kh6 57. Ra6 Kg7 58. Re7+
Kf8 59. Rb7 1-0

[Event "Club Championships"]
[Site "Wellington Chess Club"]
[Date "2013.10.10"]
[Round "11"]
[White "List, Robert"]
[Black "Wevita, Roshan"]
[Result "1-0"]
[WhiteElo "1702"]
[BlackElo "1511"]

1. e4 e5 2. Bc4 Nf6 3. d3 Bc5 4. Nf3 Nc6 5. O-O h6 6. Bb3 a6 7. Nxe5 Nxe5 8. d4
Nxe4 9. dxc5 Nxc5 10. Re1 d6 11. f4 Qf6 12. fxe5 dxe5 13. Rf1 Qb6 14. Bxf7+ Ke7
15. Be3 Qc6 16. Qh5 Rf8 17. Qxe5+ Be6 18. Bxc5+ Kd7 19. Bxf8 Rxf8 20. Bxe6+
Qxe6 21. Qxe6+ Kxe6 22. Rxf8 1-0

[Event "Club Championships"]
[Site "Wellington Chess Club"]
[Date "2013.10.10"]
[Round "11"]
[White "Miriyala, Rama Rao"]
[Black "Cook, John"]
[Result "1-0"]
[WhiteElo "1906"]
[BlackElo "1604"]

1. Nf3 d5 2. d4 Bg4 3. e3 e6 4. c4 c6 5. Nc3 Nf6 6. Bd2 Be7 7. Be2 O-O 8. c5 b6
9. b4 a5 10. a3 b5 11. O-O a4 12. Ne5 Bf5 $2 (12... Bxe2 13. Qxe2 Qc7 {=} ) 13.
Nxc6 $1 {N for 3 connected passed pawns is the plan. Game is over for Black.}
13... Nxc6 14. Bxb5 Na5 15. bxa5 Rxa5 16. Bxa4 Bd3 17. Re1 Ne4 $2 18. Nxe4 Bxe4
19. Bxa5 Qxa5 20. Bc2 Bg6 21. Qb1 Qc3 22. Rc1 Qd2 23. Qa2 Bh4 24. g3 {Black
resigns (Annotations by John Cook)} 1-0

[Event "Club Championships"]
[Site "Wellington Chess Club"]
[Date "2013.10.10"]
[Round "11"]
[White "Nijman, Brian"]
[Black "Stone, Andrew"]
[Result "1/2-1/2"]
[WhiteElo "2186"]
[BlackElo "2076"]

1. g3 e5 2. Nf3 Nc6 3. c4 Nf6 4. Nc3 d5 5. cxd5 Nxd5 6. d3 Bb4 7. Bd2 O-O 8.
Nxd5 Bxd2+ 9. Qxd2 Qxd5 10. Bg2 Bg4 11. h3 Bxf3 12. Bxf3 Qe6 13. Bxc6 Qxc6 14.
O-O Qe6 15. Rfc1 c6 16. Rc5 Rfe8 17. Qc3 Rad8 18. Rc1 e4 19. dxe4 Qxe4 20. e3
Rd5 21. Rxd5 Qxd5 22. Qb4 Qd7 23. Qg4 Qd2 24. Qd1 Rd8 25. Qxd2 Rxd2 26. b4 f5
27. b5 cxb5 28. Rc8+ Kf7 29. Rc7+ Ke6 30. Rxb7 Rxa2 31. Rxb5 1/2-1/2

[Event "Club Championships"]
[Site "Wellington Chess Club"]
[Date "2013.10.10"]
[Round "11"]
[White "Walters, Taina"]
[Black "Konakanchi, Karthik"]
[Result "0-1"]
[WhiteElo "1119"]
[BlackElo "927"]

1. e4 e5 2. Nf3 Nc6 3. Bb5 Bc5 4. O-O d6 5. Nc3 Nf6 6. d3 O-O 7. Bg5 Be6 8. Be3
a6 9. Bxc6 bxc6 10. Bxc5 dxc5 11. Nxe5 Qd6 12. f4 g5 13. fxg5 Qxe5 14. gxf6 Kh8
15. Qd2 Rg8 16. Rf3 Bg4 17. Qf4 Qd4+ 18. Re3 Bh3 19. g3 Rg6 20. Re1 Rxf6 21.
Qxc7 Rf1+ (21... Qxe3+ $1 22. Rxe3 Rf1#) 22. Rxf1 Qxe3+ 23. Kh1 Bxf1 24. Qe5+
Kg8 25. Qf4 Qe1 $2 26. h4 $2 (26. Qg5+ Kf8 27. Qxc5+ Kg7 {and white keeps
checking for a draw} ) 26... Bxd3+ 27. Kh2 Bxc2 28. Qg5+ Kh8 29. Qf6+ Kg8 30.
Qxc6 $4 {White should keep checking} 30... Rd8 31. Nd5 Bxe4 32. Nf6+ Kf8 $4 (
32... Kh8) 33. Nxe4 $4 (33. Qxc5+ Kg7 34. Nh5+ $1 Kg8 35. Qg5+ Bg6 36. Qxd8+
Qe8 37. Qxe8#) 33... Qe2+ 34. Kh3 Qf1+ 35. Kg4 f5+ 36. Kg5 fxe4 37. Qxe4 Qc1+
38. Kh5 Qd1+ 39. Kg5 Rd5+ 40. Kh6 Qh5# 0-1

[Event "Club Championships"]
[Site "Wellington Chess Club"]
[Date "2013.10.10"]
[Round "11"]
[White "Walters, Taina"]
[Black "Sknar, Andrew"]
[Result "0-1"]
[WhiteElo "1119"]
[BlackElo "958"]

1. e4 e5 2. Nf3 Nc6 3. Bb5 a6 4. Bxc6 dxc6 5. Nxe5 Bd6 6. Nxf7 Kxf7 7. O-O Qh4
8. Qf3+ Nf6 9. g3 Qxe4 10. Qd1 Bh3 11. f3 Qd4+ 12. Kh1 Bxf1 13. Qxf1 Rae8 14.
c3 Qe5 15. d4 Qe1 16. Nd2 Qxf1+ 17. Nxf1 Re1 18. Kg2 Rhe8 19. f4 R8e2+ 20. Kf3
Rc2 0-1

[Event "Club Championships"]
[Site "Wellington Chess Club"]
[Date "2013.10.12"]
[Round "11"]
[White "Nyberg, Michael"]
[Black "Aldridge, Alan"]
[Result "1/2-1/2"]
[WhiteElo "2027"]
[BlackElo "1990"]

1. d4 Nf6 2. c4 e6 3. f3 c5 4. d5 exd5 5. cxd5 d6 6. Nc3 Be7 7. e4 O-O 8. Bd3
Nbd7 9. Nge2 Ne5 10. Be3 Nxd3+ 11. Qxd3 Nh5 12. g4 Bh4+ 13. Kd2 Nf6 14. Nf4 Nd7
15. Raf1 Ne5 16. Qe2 Rb8 17. Ng2 b5 18. Nxh4 Qxh4 19. b3 b4 20. Na4 c4 21. bxc4
Ba6 22. Nb2 Rfc8 23. Rc1 Qf6 24. f4 Nxc4+ 25. Nxc4 Bxc4 26. e5 Bxe2 27. Rxc8+
Rxc8 28. exf6 Bxg4 29. Rg1 Bf5 30. Rxg7+ Kf8 31. Bxa7 Rc2+ 32. Kd1 Rxa2 33. Bb8
b3 34. Bxd6+ Ke8 35. Be5 b2 36. Bxb2 Rxb2 37. Rg5 Bd3 38. Re5+ Kd7 39. Re7+ Kd6
40. Rxf7 Kxd5 41. Rd7+ Kc4 42. Rc7+ Kd4 43. f7 Rb8 44. Rd7+ Kc3 45. Ke1 Rf8 46.
Kf2 Bc4 47. Ke3 h5 48. Rc7 h4 49. Kf3 Kd4 50. Kg4 Bxf7 51. Kxh4 Be6 52. Kg5
Rf5+ 53. Kg6 Rxf4 54. Kg5 Rf7 1/2-1/2

[Event "Club Championships"]
[Site "Wellington Chess Club"]
[Date "2013.10.17"]
[Round "?"]
[White "Aumeier, Beate"]
[Black "Konakanchi, Karthik"]
[Result "0-1"]
[WhiteElo "992"]
[BlackElo "927"]

1. e4 e5 2. Nf3 Nc6 3. Bb5 Bc5 4. O-O Nge7 5. d3 O-O 6. Nc3 d6 7. Bg5 h6 8. Bh4
Bg4 9. Bxc6 bxc6 10. h3 Bh5 11. a3 Bd4 12. g4 Bg6 13. Qd2 Qd7 14. Nxd4 exd4 15.
Ne2 c5 16. Nf4 Bh7 17. Rfe1 g5 18. Ng2 gxh4 19. Qxh6 Ng6 20. Nf4 Nxf4 21. Qxf4
Kh8 22. Qf6+ Kg8 23. e5 Rae8 24. exd6 Rxe1+ 25. Rxe1 cxd6 26. Qxh4 Kg7 27. Re7
Qd8 28. Qg5+ Bg6 29. h4 Re8 30. h5 Rxe7 31. hxg6 Re1+ 0-1

[Event "Club Championships"]
[Site "Wellington Chess Club"]
[Date "2013.10.17"]
[Round "?"]
[White "Jackson, Ross"]
[Black "Roberts, Michael"]
[Result "1-0"]
[WhiteElo "1990"]
[BlackElo "1781"]

1. d4 Nf6 2. c4 g6 3. g3 Bg7 4. Bg2 O-O 5. e4 d6 6. Ne2 c5 7. d5 e6 8. O-O exd5
9. exd5 Bf5 10. Nbc3 Re8 11. Bg5 Nbd7 12. h3 Ne5 13. g4 Bd3 14. b3 Qa5 15. Bd2
Qb6 16. f4 Bxe2 17. Nxe2 Ned7 18. Ng3 h6 19. Qc2 Nh7 20. Rae1 Qc7 21. Bc3 Bxc3
22. Qxc3 Qd8 23. Rxe8+ Qxe8 24. Re1 Qf8 25. Re3 Re8 26. Kf2 Nhf6 27. g5 hxg5
28. fxg5 Rxe3 29. Qxe3 Ne8 30. Be4 Qe7 31. h4 Ne5 32. Bf3 Nc6 33. dxc6 1-0

[Event "Club Championships"]
[Site "Wellington Chess Club"]
[Date "2013.10.17"]
[Round "?"]
[White "Kay, Bruce"]
[Black "Miriyala, Rama Rao"]
[Result "0-1"]
[WhiteElo "1825"]
[BlackElo "1906"]

1. d4 Nf6 2. c4 e6 3. Nc3 Bb4 4. e3 b6 5. Bd3 Bb7 6. f3 O-O 7. Ne2 d5 8. O-O
Nbd7 9. cxd5 Nxd5 10. e4 Ne7 11. a3 Bxc3 12. bxc3 e5 13. Bc4 Kh8 14. Ng3 Qe8
15. f4 exd4 16. cxd4 f5 17. exf5 Nxf5 18. Nxf5 Rxf5 19. Re1 Qg6 20. Ra2 Rff8
21. Bf1 Rae8 22. Rae2 Bf3 23. Rxe8 Bxd1 24. Rxf8+ Nxf8 25. Rxd1 Qe4 26. g3 Ne6
27. d5 Qc2 28. Re1 Qc5+ 29. Kh1 Qxd5+ 30. Bg2 Qd7 31. Bh3 Qc6+ 32. Kg1 Qc3 33.
Rxe6 Qxc1+ 34. Kf2 g6 35. Re3 c5 36. Bg2 c4 37. Re8+ Kg7 38. Re7+ Kh6 39. Rxa7
c3 40. a4 c2 0-1